000 00817nam a2200241 a 4500
001 BRL_103
005 20190320210605.0
008 890912s1988 u--a#####c---#000-0ceng-#
041 _aengspa
044 _au
050 4 _aN6538.H58
_b.A35 1988
245 1 0 _a¡Adivina!
_bLatino Chicago Expressions : April 22, 1988-July 10, 1988.
260 _a[Chicago]
_bMexican Fine Arts Center Museum
_c1988
300 _a44 p.
_bil. (algunas a color)
_c24 cm.
500 _aCatálogo de la exposición realizada en el Museo de Arte Moderno, 22 septiembre - 30 octubre, 1988
500 _aAu158
546 _aTexto en: inglés y español
650 1 4 _aArte hispanoamericano
_ySiglo XX
_zIllinois
_922921
710 2 _aMuseo de Arte Moderno
_922922
740 0 _aLatino Chicago Expressions
902 _aGRL
942 _2lcc
_cB
999 _c8916
_d8916